000 00422nam a2200133Ia 4500
008 100328s9999 xx 000 0 und d
082 _b31456
100 _aपै शिरीष
245 _aवडिलांच्या सेवेसी
260 _bडिंपल
630 _aवडिलांच्या सेवेसी
730 _aवडिलांच्या सेवेसी
942 _cBOOK
999 _c522344
_d522341